[Event "Catalunya-chT Gp1"]
[Site "Barcelona"]
[Date "2024.02.03"]
[Round "3.9"]
[White "Simon Padros, Emili"]
[Black "Barrera Clot, Carlos"]
[Result "1/2-1/2"]
[WhiteElo "2075"]
[BlackElo "2104"]
[PlyCount "37"]
[EventDate "2024.01.20"]
[EventType "team-tourn"]
[EventRounds "7"]
[EventCountry "ESP"]
[SourceTitle "CB11_2024"]
[SourceDate "2024.03.13"]
[SourceVersion "1"]
[SourceVersionDate "2024.03.13"]
[SourceQuality "1"]
[WhiteTeam "Terrassa"]
[BlackTeam "Olot"]
[WhiteTeamCountry "ESP"]
[BlackTeamCountry "ESP"]

1. e4 d5 2. exd5 Qxd5 3. Nc3 Qe5+ 4. Be2 c6 5. Nf3 Qc7 6. d4 Bf5 7. Be3 e6 8. Qd2 Nd7 9. Nh4 Bg6 10. Bf4 Qa5 11. Nxg6 hxg6 12. Ne4 Qxd2+ 13. Nxd2 Ngf6 14. 0-0-0 Nd5 15. Bg3 g5 16. c4 Nf4 17. Bxf4 gxf4 18. Bf3 Nf6 19. Ne4 1/2-1/2

[Event "Catalunya-ch Seniors"]
[Site "Malgrat del Mar"]
[Date "2023.05.20"]
[Round "7"]
[White "Simon Padros, Emili"]
[Black "Fernandez Vicente, Carmelo"]
[Result "1/2-1/2"]
[WhiteElo "2073"]
[BlackElo "2002"]
[PlyCount "41"]
[EventDate "2023.05.14"]
[EventType "swiss"]
[EventRounds "8"]
[EventCountry "ESP"]
[SourceTitle "CBM 214 Extra"]
[Source "ChessBase"]
[SourceDate "2023.07.31"]
[SourceVersion "1"]
[SourceVersionDate "2023.07.31"]
[SourceQuality "1"]

1. e4 c5 2. c3 d5 3. exd5 Qxd5 4. d4 cxd4 5. cxd4 Nc6 6. Nf3 e6 7. Nc3 Qd8 8. Be2 Nf6 9. 0-0 Be7 10. h3 0-0 11. Be3 Nb4 12. a3 Nbd5 13. Ne5 Bd7 14. Bf3 Rc8 15. Qb3 Bc6 16. Rac1 Qb6 17. Qxb6 axb6 18. Nxc6 bxc6 19. Rfd1 Rfd8 20. Bg5 h6 21. Bh4 1/2-1/2

[Event "Catalunya-ch U50"]
[Site "Santa Susanna"]
[Date "2022.05.21"]
[Round "7"]
[White "Palacin Martin, Ricardo"]
[Black "Simon Padros, Emili"]
[Result "1/2-1/2"]
[WhiteElo "1971"]
[BlackElo "2156"]
[PlyCount "52"]
[EventDate "2022.05.15"]
[EventType "swiss"]
[EventRounds "8"]
[EventCountry "CAT"]
[SourceTitle "EXT 2023"]
[Source "ChessBase"]
[SourceDate "2022.10.05"]
[SourceVersion "1"]
[SourceVersionDate "2022.10.05"]
[SourceQuality "1"]

1. d4 g6 2. Nf3 Bg7 3. g3 d6 4. Bg2 Nd7 5. 0-0 e5 6. dxe5 dxe5 7. e4 Ngf6 8. Nc3 0-0 9. Qe2 c6 10. Rd1 Qe7 11. h3 a5 12. a4 Nc5 13. b3 b6 14. Qe1 Nfd7 15. g4 Ne6 16. Ra2 Ndc5 17. Nh2 Ba6 18. Ne2 Rad8 19. Rxd8 Rxd8 20. Be3 Nd4 21. Ng3 Qd6 22. Nf3 Nde6 23. Ra1 Nf4 24. Bf1 Bxf1 25. Qxf1 Bf8 26. Nd2 Qc7 1/2-1/2

[Event "Catalunya-ch U50"]
[Site "Santa Susanna"]
[Date "2022.05.19"]
[Round "5"]
[White "Ayllon Rodriguez, Joan Pedro"]
[Black "Simon Padros, Emili"]
[Result "1/2-1/2"]
[WhiteElo "2067"]
[BlackElo "2156"]
[PlyCount "26"]
[EventDate "2022.05.15"]
[EventType "swiss"]
[EventRounds "8"]
[EventCountry "CAT"]
[SourceTitle "EXT 2023"]
[Source "ChessBase"]
[SourceDate "2022.10.05"]
[SourceVersion "1"]
[SourceVersionDate "2022.10.05"]
[SourceQuality "1"]

1. d4 Nf6 2. c4 g6 3. Nc3 Bg7 4. Nf3 0-0 5. e3 d6 6. Be2 Nbd7 7. 0-0 c6 8. Qc2 e5 9. b3 Re8 10. Ba3 Qc7 11. dxe5 dxe5 12. Rfd1 Bf8 13. Bxf8 Nxf8 1/2-1/2

[Event "Catalunya-chT Gp1"]
[Site "Barcelona"]
[Date "2022.02.26"]
[Round "6.4"]
[White "Simon Padros, Emili"]
[Black "Pham Guerrero, Sergi"]
[Result "1/2-1/2"]
[WhiteElo "2145"]
[BlackElo "2211"]
[PlyCount "37"]
[EventDate "2022.01.22"]
[EventType "team-tourn"]
[EventRounds "9"]
[EventCountry "ESP"]
[SourceTitle "CBM 208 Extra"]
[Source "ChessBase"]
[SourceDate "2022.07.31"]
[SourceVersion "1"]
[SourceVersionDate "2022.07.31"]
[SourceQuality "1"]
[WhiteTeam "Terrassa"]
[BlackTeam "Geva CEA"]
[WhiteTeamCountry "ESP"]
[BlackTeamCountry "ESP"]

1. e4 c5 2. Nc3 Nc6 3. g3 g6 4. Bg2 Bg7 5. f4 d6 6. d3 e6 7. Nf3 Nge7 8. 0-0 0-0 9. Be3 Nd4 10. e5 Nef5 11. Bf2 Nxf3+ 12. Qxf3 Nd4 13. Qd1 d5 14. Na4 b6 15. b4 Bd7 16. bxc5 Bxa4 17. Bxd4 Qc7 18. cxb6 axb6 19. Qd2 1/2-1/2

[Event "ESP-ch Seniors 65"]
[Site "Altea"]
[Date "2021.11.02"]
[Round "4"]
[White "Coll Pons, Guillem"]
[Black "Simon Padros, Emili"]
[Result "0-1"]
[WhiteElo "1946"]
[BlackElo "2147"]
[PlyCount "92"]
[EventDate "2021.10.31"]
[EventType "swiss"]
[EventRounds "9"]
[EventCountry "ESP"]
[SourceTitle "CBM 205 Extra"]
[Source "ChessBase"]
[SourceDate "2022.01.31"]
[SourceVersion "1"]
[SourceVersionDate "2022.01.31"]
[SourceQuality "1"]

1. d4 e6 2. c4 f5 3. g3 Nf6 4. Nc3 d5 5. Bg2 c6 6. Nf3 Bd6 7. 0-0 0-0 8. Qc2 Ne4 9. a4 a5 10. Ne5 Na6 11. Nxe4 dxe4 12. f4 Bd7 13. Bd2 Be8 14. Bc3 Nb4 15. Qb3 c5 16. Bxb4 axb4 17. d5 Qf6 18. g4 Bxe5 19. fxe5 Qxe5 20. gxf5 exf5 21. Qc2 Ra6 22. Rf2 Rh6 23. Bh1 Rff6 24. e3 Rh3 25. Rf4 Rxe3 26. Qf2 Re2 27. Qxe2 Qxf4 28. b3 Qg5+ 29. Kf1 Bh5 30. Qf2 Bg4 31. Re1 Bh3+ 32. Bg2 Bxg2+ 33. Qxg2 Qxg2+ 34. Kxg2 Kf8 35. h4 Rg6+ 36. Kf2 Rg4 37. Rh1 h5 38. Rh3 f4 39. Kf1 Ke7 40. Kf2 Kd6 41. Kf1 Ke5 42. Kf2 e3+ 43. Kf3 Rg1 44. Rh2 Rg3+ 45. Ke2 Ke4 46. Kf1 f3 0-1

[Event "Seville op 45th"]
[Site "Seville"]
[Date "2020.01.14"]
[Round "5"]
[White "Simon Padros, Emili"]
[Black "Pap, Misa"]
[Result "1/2-1/2"]
[WhiteElo "2119"]
[BlackElo "2427"]
[PlyCount "127"]
[EventDate "2020.01.10"]
[EventType "swiss"]
[EventRounds "9"]
[EventCountry "ESP"]
[SourceTitle "CBM 194 Extra"]
[Source "ChessBase"]
[SourceDate "2020.03.31"]
[SourceVersion "1"]
[SourceVersionDate "2020.03.31"]
[SourceQuality "1"]

1. e4 c5 2. Nc3 Nc6 3. g3 g6 4. Bg2 Bg7 5. f4 d6 6. d3 e6 7. Nf3 Nge7 8. 0-0 0-0 9. Be3 b6 10. Bf2 Ba6 11. Re1 Rc8 12. g4 Nd4 13. Nxd4 cxd4 14. Ne2 e5 15. f5 Nc6 16. Qd2 Bf6 17. h4 Bxh4 18. Bxh4 Qxh4 19. Rf1 f6 20. Bf3 Qg5 21. Qxg5 fxg5 22. fxg6 Nb4 23. gxh7+ Kxh7 24. c3 Nxd3 25. cxd4 Nf4 26. Rfe1 Bxe2 27. Bxe2 Rc2 28. Bf1 Rxb2 29. dxe5 dxe5 30. a4 Ne6 31. Re2 Rxe2 32. Bxe2 Nd4 33. Bd1 Rf4 34. a5 b5 35. Rc1 Rxe4 36. Kf2 Rf4+ 37. Ke3 Kg7 38. a6 Rf1 39. Rc7+ Kf8 40. Kd2 Rf7 41. Rb7 Ke8 42. Ke3 Rf1 43. Kd2 Rf7 44. Ke3 Rd7 45. Ke4 Nc6 46. Be2 Rd4+ 47. Kf5 Rf4+ 48. Kxg5 Kd8 49. Bxb5 Nd4 50. Bd7 Rf7 51. Bf5 Nf3+ 52. Kg6 Rxb7 53. axb7 Kc7 54. Kf6 a5 55. Be4 a4 56. Bd5 a3 57. Kf5 Kb8 58. g5 Kc7 59. g6 Nh4+ 60. Kxe5 Nxg6+ 61. Kd4 Nf4 62. Kc3 Nxd5+ 63. Kb3 Kxb7 64. Kxa3 1/2-1/2

[Event "La Pobla de Lillet op-A 29th"]
[Site "La Pobla de Lillet"]
[Date "2019.08.08"]
[Round "7"]
[White "Simon Padros, Emili"]
[Black "Picanol Alemany, Antonio"]
[Result "1/2-1/2"]
[WhiteElo "2110"]
[BlackElo "2253"]
[PlyCount "98"]
[EventDate "2019.08.02"]
[EventType "swiss"]
[EventRounds "9"]
[EventCountry "ESP"]
[SourceTitle "EXT 2020"]
[Source "ChessBase"]
[SourceDate "2019.10.17"]
[SourceVersion "1"]
[SourceVersionDate "2019.10.17"]
[SourceQuality "1"]

1. e4 e6 2. d4 d5 3. e5 c5 4. c3 Nc6 5. Nf3 Qb6 6. a3 c4 7. g3 Na5 8. Nbd2 Bd7 9. Bh3 h6 10. 0-0 g5 11. Qe2 0-0-0 12. Ne1 h5 13. Nc2 Kb8 14. Ne3 Be7 15. f4 h4 16. Bg2 hxg3 17. hxg3 gxf4 18. gxf4 Nh6 19. Rf3 Rhg8 20. Ndf1 Rg6 21. f5 Nxf5 22. Nxf5 exf5 23. Bf4 Be6 24. Rg3 Rdg8 25. Rxg6 fxg6 26. Ne3 Qc6 27. Rf1 g5 28. Bh2 f4 29. Ng4 Bf5 30. Qf3 Be4 31. Qh3 Qc8 32. Bf3 Nb3 33. Qg2 Rh8 34. Rd1 Qf5 35. Nf2 Bxf3 36. Qxf3 Qh7 37. Ng4 Qc2 38. Re1 Rh4 39. e6 Qf5 40. Ne3 Qh7 41. Nf1 Qf5 42. Re5 Qd3 43. Qxd5 Rg4+ 44. Kf2 Qc2+ 45. Re2 Qh7 46. Qe5+ Ka8 47. Ke1 Qb1+ 48. Kf2 Qh7 49. Ke1 Qb1+ 1/2-1/2

[Event "La Pobla de Lillet op-A 29th"]
[Site "La Pobla de Lillet"]
[Date "2019.08.05"]
[Round "4"]
[White "Simon Padros, Emili"]
[Black "Capellades Subirana, Marc"]
[Result "1/2-1/2"]
[WhiteElo "2110"]
[BlackElo "2194"]
[PlyCount "78"]
[EventDate "2019.08.02"]
[EventType "swiss"]
[EventRounds "9"]
[EventCountry "ESP"]
[SourceTitle "EXT 2020"]
[Source "ChessBase"]
[SourceDate "2019.10.17"]
[SourceVersion "1"]
[SourceVersionDate "2019.10.17"]
[SourceQuality "1"]

1. e4 e5 2. d4 exd4 3. Qxd4 Nc6 4. Qe3 Bb4+ 5. Nc3 Nge7 6. Bd2 d6 7. 0-0-0 0-0 8. Qg3 f5 9. Bc4+ Kh8 10. f3 Na5 11. Bd3 Nac6 12. Nh3 fxe4 13. fxe4 Bxh3 14. Qxh3 Ng6 15. Rhf1 Bxc3 16. Rxf8+ Qxf8 17. Bxc3 Qf4+ 18. Bd2 Qh4 19. Qd7 Qe7 20. Qxe7 Ncxe7 21. Rf1 Ne5 22. Be2 Kg8 23. Bc3 Rf8 24. Bxe5 Rxf1+ 25. Bxf1 dxe5 26. Kd2 Kf7 27. Ke3 Ke6 28. c3 Kd6 29. Bc4 Nc8 30. Bg8 h6 31. Bf7 Nb6 32. Kd3 Nd7 33. b4 Nf6 34. h3 Ke7 35. Bg6 Nd7 36. a4 a5 37. Kc4 Nb6+ 38. Kb5 axb4 39. cxb4 Nc8 1/2-1/2

[Event "Catalunya-ch Seniors"]
[Site "Santa Susanna"]
[Date "2019.05.26"]
[Round "9"]
[White "Simon Padros, Emili"]
[Black "Buxade Roca, Guillermo"]
[Result "1-0"]
[WhiteElo "2103"]
[BlackElo "2005"]
[PlyCount "133"]
[EventDate "2019.05.18"]
[EventType "swiss"]
[EventRounds "9"]
[EventCountry "ESP"]
[SourceTitle "CBM 190 Extra"]
[Source "ChessBase"]
[SourceDate "2019.07.15"]
[SourceVersion "1"]
[SourceVersionDate "2019.07.15"]
[SourceQuality "1"]

1. e4 c5 2. Nf3 Nc6 3. d4 cxd4 4. Nxd4 Nf6 5. Nc3 e5 6. Ndb5 d6 7. Bg5 a6 8. Na3 b5 9. Nd5 Be7 10. Bxf6 Bxf6 11. c4 b4 12. Nc2 a5 13. g3 g6 14. h4 0-0 15. h5 Bh8 16. Bh3 Bxh3 17. Rxh3 Ra7 18. Qd2 Nd4 19. g4 Qc8 20. Nce3 Ne6 21. 0-0-0 Nf4 22. Rh2 Qe6 23. Rg1 Rc8 24. Kb1 Rb7 25. hxg6 fxg6 26. g5 Nxd5 27. cxd5 Qf7 28. Rh4 Rbc7 29. Ng4 Qf3 30. Qe3 Qxe3 31. Nxe3 a4 32. Rhh1 Bg7 33. Rc1 Rxc1+ 34. Rxc1 Rxc1+ 35. Kxc1 h6 36. gxh6 Bxh6 37. Kd2 Kf7 38. Kd3 Ke7 39. b3 axb3 40. axb3 Kd7 41. Nc2 Bc1 42. Nxb4 Ba3 43. Nc6 Bc5 44. Ke2 Bb6 45. Kf3 Ke8 46. Kg3 Kf7 47. f4 exf4+ 48. Kxf4 Bc7 49. b4 Kf6 50. b5 Kf7 51. Kg5 Bb6 52. e5 Be3+ 53. Kg4 dxe5 54. Nxe5+ Kf6 55. Nc4 Ba7 56. b6 Bb8 57. Kf3 Ke7 58. Ke4 Kd8 59. Ne5 Kc8 60. Nxg6 Kb7 61. Ne5 Bd6 62. Nc4 Bg3 63. Kf5 Kc8 64. Ke6 Kd8 65. d6 Bf2 66. b7 Ba7 67. Na5 1-0

[Event "Catalunya-ch Seniors"]
[Site "Santa Susanna"]
[Date "2019.05.25"]
[Round "8"]
[White "Monedero Gonzalez, Josep"]
[Black "Simon Padros, Emili"]
[Result "1/2-1/2"]
[WhiteElo "1955"]
[BlackElo "2103"]
[PlyCount "38"]
[EventDate "2019.05.18"]
[EventType "swiss"]
[EventRounds "9"]
[EventCountry "ESP"]
[SourceTitle "CBM 190 Extra"]
[Source "ChessBase"]
[SourceDate "2019.07.15"]
[SourceVersion "1"]
[SourceVersionDate "2019.07.15"]
[SourceQuality "1"]

1. e4 g6 2. Bc4 Bg7 3. Nf3 d6 4. d3 Nf6 5. Nc3 0-0 6. Bg5 c6 7. Qd2 Nbd7 8. 0-0 b5 9. Bb3 Nc5 10. e5 Ng4 11. exd6 Qxd6 12. Rfe1 Nf6 13. Bf4 Qd8 14. Qe3 Nxb3 15. axb3 b4 16. Na4 Nd5 17. Qd2 f6 18. Be3 Bg4 19. Qe2 e5 1/2-1/2

[Event "La Pobla de Lillet op-A 28th"]
[Site "La Pobla de Lillet"]
[Date "2018.08.08"]
[Round "8"]
[White "Sanpera Bonet, Juan Carlos"]
[Black "Simon Padros, Emili"]
[Result "1/2-1/2"]
[WhiteElo "2100"]
[BlackElo "2166"]
[PlyCount "61"]
[EventDate "2018.08.01"]
[EventType "swiss"]
[EventRounds "9"]
[EventCountry "ESP"]
[SourceTitle "CBM 185 Extra"]
[Source "ChessBase"]
[SourceDate "2018.07.29"]
[SourceVersion "1"]
[SourceVersionDate "2018.07.29"]
[SourceQuality "1"]

1. e4 g6 2. d4 c6 3. c4 Bg7 4. Nc3 d6 5. Be2 Nf6 6. Nf3 0-0 7. 0-0 Nbd7 8. Be3 e5 9. dxe5 dxe5 10. h3 Qe7 11. Qd2 Nc5 12. Bxc5 Qxc5 13. Rfd1 Nh5 14. a3 Nf4 15. b4 Qe7 16. Qd6 Qxd6 17. Rxd6 Be6 18. Bf1 Bf6 19. Ne2 Be7 20. Rdd1 Nxe2+ 21. Bxe2 f6 22. c5 b6 23. cxb6 axb6 24. Rdc1 c5 25. bxc5 Bxc5 26. a4 Rfc8 27. Bb5 Kf7 28. Nd2 Bd4 29. Rab1 Ba2 30. Bc4+ Bxc4 31. Nxc4 1/2-1/2

[Event "Catalunya-ch Seniors 34th"]
[Site "Lloret del Mar"]
[Date "2018.05.25"]
[Round "7"]
[White "Simon Padros, Emili"]
[Black "Vallbona Domingo, Joan"]
[Result "0-1"]
[WhiteElo "2188"]
[BlackElo "2011"]
[PlyCount "102"]
[EventDate "2018.05.19"]
[EventType "swiss"]
[EventRounds "9"]
[EventCountry "ESP"]
[SourceTitle "CBM 184 Extra"]
[Source "ChessBase"]
[SourceDate "2018.06.28"]
[SourceVersion "1"]
[SourceVersionDate "2018.06.28"]
[SourceQuality "1"]

1. e4 c5 2. Nf3 e6 3. d4 cxd4 4. Nxd4 a6 5. c4 Nf6 6. Nc3 Bb4 7. Bd3 Nc6 8. Nde2 d5 9. cxd5 exd5 10. exd5 Nxd5 11. 0-0 Nxc3 12. bxc3 Be7 13. Bf4 Qa5 14. Qc2 h6 15. Rab1 0-0 16. Rfe1 Bf6 17. Bh7+ Kh8 18. Be4 Be6 19. Rxb7 Rac8 20. Qc1 g5 21. Be3 Qa4 22. Qc2 Qa5 23. a4 Nd8 24. Rb2 Qc7 25. Qd1 Be5 26. Bd4 Nc6 27. Ng3 Nxd4 28. cxd4 Qc3 29. dxe5 Qxb2 30. Bb1 Rfd8 31. Qf3 Qd2 32. Qe4 Bf5 33. Qxf5 Qxe1+ 34. Nf1 Kg8 35. Qh7+ Kf8 36. Qh8+ Ke7 37. Qf6+ Ke8 38. Ba2 Rc7 39. Qxa6 Qxe5 40. Bc4 Rd6 41. Bb5+ Ke7 42. Qa8 Rd8 43. Qf3 Rc1 44. Qa3+ Qc5 45. Qf3 Rdd1 46. Qb7+ Kf8 47. h4 Rd4 48. Qa8+ Kg7 49. h5 Rc2 50. Ne3 Rc1+ 51. Nf1 Rf4 0-1

[Event "ESP-ch Seniors 65+"]
[Site "Altea"]
[Date "2017.10.13"]
[Round "7"]
[White "Simon Padros, Emili"]
[Black "Pastor Alonso de Prado, Emilio Alberto"]
[Result "1-0"]
[WhiteElo "2153"]
[BlackElo "2131"]
[PlyCount "71"]
[EventDate "2017.10.07"]
[EventType "swiss"]
[EventRounds "9"]
[EventCountry "ESP"]
[SourceTitle "CBM 181 Extra"]
[Source "ChessBase"]
[SourceDate "2017.12.12"]
[SourceVersion "1"]
[SourceVersionDate "2017.12.12"]
[SourceQuality "1"]

1. e4 c6 2. d4 d5 3. e5 c5 4. dxc5 e6 5. a3 Qc7 6. Nf3 Nd7 7. b4 a5 8. c3 Ne7 9. Bb5 Ng6 10. 0-0 Be7 11. Re1 0-0 12. Qe2 b6 13. Bxd7 Bxd7 14. cxb6 Qxb6 15. Be3 Qb8 16. Bd4 axb4 17. cxb4 Rc8 18. Nbd2 Rc2 19. Qe3 Ba4 20. Reb1 Qb5 21. Ne1 Rc6 22. Nd3 h6 23. g3 Rca6 24. Rc1 Qb8 25. Nc5 Bxc5 26. Rxc5 Ne7 27. Bb2 d4 28. Qxd4 Qb6 29. Nc4 Qb7 30. Nd6 Qf3 31. Qe3 Qh5 32. b5 Ra5 33. Rac1 Nf5 34. Qd3 Ne7 35. Rc7 Nd5 36. Rc8+ 1-0

[Event "ESP-ch Seniors 65+"]
[Site "Altea"]
[Date "2017.10.10"]
[Round "4"]
[White "Sanz Bastos, Fernando"]
[Black "Simon Padros, Emili"]
[Result "0-1"]
[WhiteElo "1981"]
[BlackElo "2153"]
[PlyCount "54"]
[EventDate "2017.10.07"]
[EventType "swiss"]
[EventRounds "9"]
[EventCountry "ESP"]
[SourceTitle "CBM 181 Extra"]
[Source "ChessBase"]
[SourceDate "2017.12.12"]
[SourceVersion "1"]
[SourceVersionDate "2017.12.12"]
[SourceQuality "1"]

1. f4 c5 2. e4 Nc6 3. Nc3 d6 4. Bb5 Bd7 5. Nf3 e6 6. 0-0 Nf6 7. d3 Be7 8. a3 0-0 9. Bxc6 Bxc6 10. Qe1 b5 11. Qg3 Kh8 12. e5 Nd7 13. exd6 Bxd6 14. Ne4 Be7 15. Be3 Bd5 16. Qh3 c4 17. Neg5 h6 18. dxc4 bxc4 19. Rad1 Kg8 20. Nxf7 Rxf7 21. Ne5 Nxe5 22. fxe5 Rxf1+ 23. Rxf1 Bg5 24. Bc5 Qa5 25. Bd6 Qd2 26. Qg4 h5 27. Qg3 Qe3+ 0-1

[Event "EU-ch Seniors 65 17th"]
[Site "Sabadell"]
[Date "2017.08.18"]
[Round "7"]
[White "Simon Padros, Emili"]
[Black "Rooze, Jan"]
[Result "1/2-1/2"]
[WhiteElo "2150"]
[BlackElo "2307"]
[PlyCount "143"]
[EventDate "2017.08.12"]
[EventType "swiss"]
[EventRounds "9"]
[EventCountry "ESP"]
[SourceTitle "CBM 180 Extra"]
[Source "ChessBase"]
[SourceDate "2017.10.06"]
[SourceVersion "1"]
[SourceVersionDate "2017.10.06"]
[SourceQuality "1"]

1. e4 c5 2. Nf3 e6 3. d4 cxd4 4. Nxd4 Nc6 5. Nb5 d6 6. c4 Nf6 7. N1c3 a6 8. Na3 Be7 9. Be2 0-0 10. 0-0 b6 11. Be3 Bb7 12. f3 Qc7 13. Rc1 Ne5 14. Qe1 Ned7 15. Qf2 Rac8 16. Nc2 Bd8 17. Nd4 Qb8 18. g4 Ne5 19. b3 Nc6 20. Rfd1 Re8 21. g5 Nd7 22. Nxc6 Bxc6 23. f4 Bc7 24. Bf3 Qa8 25. Bg2 b5 26. e5 bxc4 27. bxc4 Bb8 28. exd6 Bxg2 29. Qxg2 Qxg2+ 30. Kxg2 Rxc4 31. Kf3 Rec8 32. Ne4 Rxc1 33. Rxc1 Rxc1 34. Bxc1 Kf8 35. Be3 e5 36. Bc1 exf4 37. Bxf4 Ba7 38. Ke2 Ke8 39. Kd3 Nc5+ 40. Nxc5 Bxc5 41. Kc4 Bb6 42. Be5 g6 43. Kd5 Kd7 44. h3 Be3 45. Bf6 Bf4 46. Be7 h6 47. gxh6 Bxh6 48. Bf6 Bf4 49. Be5 Bd2 50. Kc5 Be3+ 51. Kd5 f5 52. h4 Bf2 53. Bf6 Bg3 54. Be7 Bh2 55. Bf8 Bf4 56. Be7 Bg3 57. Kc5 f4 58. Kd4 f3 59. Ke3 f2 60. Ke2 a5 61. a4 Bxd6 62. Bg5 Bc5 63. Bd2 Bb4 64. Be3 f1Q+ 65. Kxf1 Ke6 66. Ke2 Kf5 67. Kf3 Be1 68. Bb6 Bxh4 69. Bxa5 Ke5 70. Kg4 Be7 71. Bb6 Kd5 72. Be3 1/2-1/2

[Event "EU-ch Seniors 65 17th"]
[Site "Sabadell"]
[Date "2017.08.15"]
[Round "4"]
[White "Kolbak, Jens"]
[Black "Simon Padros, Emili"]
[Result "0-1"]
[WhiteElo "2216"]
[BlackElo "2150"]
[PlyCount "66"]
[EventDate "2017.08.12"]
[EventType "swiss"]
[EventRounds "9"]
[EventCountry "ESP"]
[SourceTitle "CBM 180 Extra"]
[Source "ChessBase"]
[SourceDate "2017.10.06"]
[SourceVersion "1"]
[SourceVersionDate "2017.10.06"]
[SourceQuality "1"]

1. e4 e6 2. d4 d5 3. e5 c5 4. Nf3 Nc6 5. Bd3 cxd4 6. 0-0 Nge7 7. Re1 Ng6 8. a3 Qc7 9. Bb5 Bd7 10. Bxc6 Qxc6 11. Nxd4 Qc7 12. Qe2 Bc5 13. Nb3 Be7 14. Nc3 0-0 15. g3 f6 16. exf6 Bxf6 17. Bd2 Rac8 18. Rac1 Qc4 19. Nd1 Qxe2 20. Rxe2 Rfe8 21. f4 e5 22. fxe5 Nxe5 23. Re3 Bg5 24. Rxe5 Rxe5 25. Bxg5 Rxg5 26. Nd4 Rg4 27. Nf3 Ba4 28. Nc3 Bc6 29. Ne2 Re4 30. Ned4 Bd7 31. c3 Bg4 32. Rf1 Rf8 33. Kg2 Bxf3+ 0-1

[Event "Catalunya-chT GpB final"]
[Site "Barcelona"]
[Date "2017.04.01"]
[Round "4.6"]
[White "Banos, Oscar Francisco"]
[Black "Simon Padros, Emili"]
[Result "1/2-1/2"]
[WhiteElo "2188"]
[BlackElo "2167"]
[PlyCount "53"]
[EventDate "2017.03.11"]
[EventType "team-tourn"]
[EventRounds "11"]
[EventCountry "ESP"]
[SourceTitle "EXT 2018"]
[Source "ChessBase"]
[SourceDate "2017.10.13"]
[SourceVersion "1"]
[SourceVersionDate "2017.10.13"]
[SourceQuality "1"]
[WhiteTeam "Figueres"]
[BlackTeam "Terrassa"]
[WhiteTeamCountry "ESP"]
[BlackTeamCountry "ESP"]

1. c4 d6 2. Nc3 e5 3. g3 f5 4. d4 e4 5. f3 exf3 6. Nxf3 Nf6 7. Bg2 Be7 8. 0-0 0-0 9. Qd3 c6 10. Bd2 Na6 11. a3 Nc7 12. b4 Qe8 13. Nh4 g6 14. Nf3 Qd8 15. Rae1 d5 16. c5 Ne4 17. Bf4 Ne6 18. Be5 Bf6 19. Bxf6 Qxf6 20. Ne5 Qd8 21. e3 N6g5 22. a4 Qc7 23. Qc2 Nxc3 24. Qxc3 Nf7 25. Nd3 Bd7 26. Qb3 Kh8 27. Nf4 1/2-1/2

[Event "Catalunya-chT Gp2"]
[Site "Barcelona"]
[Date "2017.02.25"]
[Round "6.6"]
[White "Simon Padros, Emili"]
[Black "Castellet Giralt, Gabriel"]
[Result "0-1"]
[WhiteElo "2167"]
[BlackElo "2229"]
[PlyCount "118"]
[EventDate "2017.01.21"]
[EventType "team-tourn"]
[EventRounds "7"]
[EventCountry "ESP"]
[SourceTitle "EXT 2018"]
[Source "ChessBase"]
[SourceDate "2017.10.13"]
[SourceVersion "1"]
[SourceVersionDate "2017.10.13"]
[SourceQuality "1"]
[WhiteTeam "Terrassa"]
[BlackTeam "Cerdanyola Valles"]
[WhiteTeamCountry "ESP"]
[BlackTeamCountry "ESP"]

1. e4 e6 2. d4 d5 3. e5 c5 4. c3 Nc6 5. Nf3 Qb6 6. a3 Nh6 7. b4 cxd4 8. cxd4 Nf5 9. Be3 f6 10. exf6 gxf6 11. Bd3 Nxe3 12. fxe3 Bh6 13. Qe2 Bd7 14. Nc3 Ne7 15. 0-0 Rc8 16. Nd1 0-0 17. Nf2 Ng6 18. h4 Qd6 19. h5 Ne7 20. Ng4 Bg7 21. Nfh2 Be8 22. Rac1 Rxc1 23. Rxc1 f5 24. Nf2 f4 25. Re1 f3 26. gxf3 Qg3+ 27. Kh1 Bxh5 28. Rg1 Bxf3+ 29. Nxf3 Qxf3+ 30. Qxf3 Rxf3 31. Nd1 Nf5 32. Kg2 Rg3+ 33. Kf2 Rxg1 34. Kxg1 Kf7 35. Kf2 Kf6 36. Nc3 Bf8 37. Kf3 h5 38. Bf1 Bh6 39. Nd1 Nd6 40. Nb2 Ne4 41. Bd3 Nd6 42. Bf1 Bg5 43. Bd3 Nf5 44. Nd1 h4 45. Bf1 Nd6 46. Nb2 b5 47. a4 bxa4 48. Nxa4 Nc4 49. Bxc4 dxc4 50. Nc3 h3 51. Nd1 Bh4 52. e4 Be1 53. Ne3 c3 54. Nc2 Bh4 55. Ne3 Kf7 56. e5 Ke7 57. d5 Kd7 58. d6 Kc6 59. Nc2 Kd5 0-1

[Event "Catalunya-chT Gp2"]
[Site "Barcelona"]
[Date "2017.01.28"]
[Round "2.5"]
[White "Simon Padros, Emili"]
[Black "Perpinya Rofes, Lluis Maria"]
[Result "1/2-1/2"]
[WhiteElo "2167"]
[BlackElo "2356"]
[PlyCount "92"]
[EventDate "2017.01.21"]
[EventType "team-tourn"]
[EventRounds "7"]
[EventCountry "ESP"]
[SourceTitle "CBM 176 Extra"]
[Source "ChessBase"]
[SourceDate "2017.03.02"]
[SourceVersion "1"]
[SourceVersionDate "2017.03.02"]
[SourceQuality "1"]
[WhiteTeam "Terrassa"]
[BlackTeam "Colon Sabadell"]
[WhiteTeamCountry "ESP"]
[BlackTeamCountry "ESP"]

1. e4 c5 2. Nc3 Nc6 3. g3 g6 4. Bg2 Bg7 5. f4 e6 6. Nf3 Nge7 7. 0-0 0-0 8. d3 b6 9. Be3 d5 10. Bf2 dxe4 11. dxe4 Ba6 12. Re1 e5 13. Qc1 Rc8 14. fxe5 Nxe5 15. Nxe5 Bxe5 16. Nd5 Re8 17. c3 Nxd5 18. exd5 Bd3 19. Qd2 c4 20. Be3 Qd6 21. Qf2 Re7 22. a4 h5 23. Bd4 Rce8 24. Bxe5 Rxe5 25. Rxe5 Rxe5 26. Re1 Kf8 27. h4 Qe7 28. Rxe5 Qxe5 29. Kh2 Qe2 30. Qxe2 Bxe2 31. d6 Ke8 32. Bc6+ Kd8 33. Kg2 a6 34. Kf2 Bg4 35. Ke3 Bd7 36. Bd5 f6 37. Bxc4 Bxa4 38. Bxa6 Kd7 39. Bd3 g5 40. Bg6 Bd1 41. Kd4 Kxd6 42. c4 Bg4 43. b4 Be2 44. c5+ bxc5+ 45. bxc5+ Ke6 46. Bc2 Bf3 1/2-1/2

[Event "Catalunya-chT Gp2"]
[Site "Barcelona"]
[Date "2017.01.21"]
[Round "1.6"]
[White "Simon Padros, Emili"]
[Black "Obon Temprano, Sergi"]
[Result "0-1"]
[WhiteElo "2167"]
[BlackElo "2237"]
[PlyCount "56"]
[EventDate "2017.01.21"]
[EventType "team-tourn"]
[EventRounds "7"]
[EventCountry "ESP"]
[SourceTitle "CBM 176 Extra"]
[Source "ChessBase"]
[SourceDate "2017.03.02"]
[SourceVersion "1"]
[SourceVersionDate "2017.03.02"]
[SourceQuality "1"]
[WhiteTeam "Terrassa"]
[BlackTeam "Barbera"]
[WhiteTeamCountry "ESP"]
[BlackTeamCountry "ESP"]

1. e4 e5 2. Nf3 Nc6 3. d4 exd4 4. Nxd4 Bc5 5. Nxc6 Qf6 6. Qd2 dxc6 7. Nc3 Ne7 8. Qf4 Ng6 9. Qxf6 gxf6 10. Bd2 Be6 11. f4 f5 12. h4 0-0-0 13. h5 Ne7 14. Na4 Bf2+ 15. Kxf2 Rxd2+ 16. Ke3 Rxc2 17. Bd3 Rxg2 18. Rag1 Rhg8 19. Rxg2 Rxg2 20. Kf3 Rg8 21. Nc5 fxe4+ 22. Bxe4 Bd5 23. Re1 b6 24. Nd3 f6 25. Nb4 Bxe4+ 26. Rxe4 Kd7 27. Nd3 Nf5 28. Re1 Rg3+ 0-1